Back to the future (Record no. 64214)

MARC details
000 -LEADER
fixed length control field 00931cam a2200229 4500
001 - CONTROL NUMBER
control field ABS62606
008 - FIXED-LENGTH DATA ELEMENTS--GENERAL INFORMATION
fixed length control field 000000n2000 000 0 eng u
035 ## - SYSTEM CONTROL NUMBER
System control number (Sirsi) u107413
100 ## - MAIN ENTRY--PERSONAL NAME
Personal name Cradick, K.
245 ## - TITLE STATEMENT
Title Back to the future
260 ## - PUBLICATION, DISTRIBUTION, ETC.
Date of publication, distribution, etc. 2000
490 ## - SERIES STATEMENT
Series statement New Review
Volume/sequential designation (45) August 2000, 6-7(2)
520 ## - SUMMARY, ETC.
Summary, etc. Reviews progress of the renewable energy industry and looks at its planning track record. Highlights the working relationship between the renewables industry and the planning profession. Includes a table which summarises the planning status of all 933 renewable energy project contracted since 1990 under NFFO, the Scottish Renewables Obligation (SRO) and the Northern Ireland (NI) NFFO.
590 ## - LOCAL NOTE (RLIN)
Local note ABS
650 ## - SUBJECT ADDED ENTRY--TOPICAL TERM
Topical term or geographic name entry element RENEWABLE ENERGY INDUSTRY
650 ## - SUBJECT ADDED ENTRY--TOPICAL TERM
Topical term or geographic name entry element PLANNING
650 ## - SUBJECT ADDED ENTRY--TOPICAL TERM
Topical term or geographic name entry element NFFO
650 ## - SUBJECT ADDED ENTRY--TOPICAL TERM
Topical term or geographic name entry element SCOTLAND
650 ## - SUBJECT ADDED ENTRY--TOPICAL TERM
Topical term or geographic name entry element SRO
690 ## - LOCAL SUBJECT ADDED ENTRY--TOPICAL TERM (OCLC, RLIN)
Topical term or geographic name as entry element ENVIRONMENTAL AND LAND CONSULTANCY-ENERGY
942 ## - ADDED ENTRY ELEMENTS (KOHA)
Suppress in OPAC 0
Holdings
Withdrawn status Lost status Source of classification or shelving scheme Damaged status Not for loan Home library Current library Shelving location Date acquired Total Checkouts Full call number Barcode Date last seen Copy number Price effective from Koha item type
    Dewey Decimal Classification     London London Journal article 31/07/2000   ABS62606 107413-1001 06/08/2019 1 06/08/2019 Journal article